01014nam a22002777a 45000010005000000030006000050050017000110080041000280200018000690400029000870500013001160820008001291000030001372450146001672500027003132600035003403000045003754900037004205050007004575200147004645210018006115210018006296500030006476500020006777000039006975838FISKH20250131121331.0250124b cb ||||| |||| 00| 0 eng d a9780545336017 aFISKHbengcFISKHdFISKH aPZ7.O222 a813 aO'Connor, Janed(1947–) aFancy Nancy :bThe 100th day of school /cby Jane O'Connor ; cover illustration by Robin Preiss Glasser ; interior illustrations by Ted Enik aFirst printing in 2011 aNew York :bScholastic,c2011. a32 pages :bcolor illustrations ;c23 cm aI can read!vBeginning reading 1 aE  aNancy, who likes to use fancy words, decides to make an homage to her little sister's pet goldfish as her project for the 100th Day of School.8 a290 bLexile 8 aE bRaz-Plus  2Fancy NancyaPicture book 2FictionaSchool aGlasser, Preiss Robindillustrator